Data structures using C and C++. / (Record no. 513)
[ view plain ]
| 000 -LEADER | |
|---|---|
| fixed length control field | 00874cam a22002532 4500 |
| 001 - CONTROL NUMBER | |
| control field | 0000004077 |
| 005 - DATE AND TIME OF LATEST TRANSACTION | |
| control field | 20151021151102.0 |
| 008 - FIXED-LENGTH DATA ELEMENTS--GENERAL INFORMATION | |
| fixed length control field | 070518s xx 000 0 eng d |
| 020 ## - INTERNATIONAL STANDARD BOOK NUMBER | |
| International Standard Book Number | 8120311779 : |
| Terms of availability | KES 690 |
| 040 ## - CATALOGING SOURCE | |
| Original cataloging agency | KABU |
| Transcribing agency | KABU |
| 050 #0 - LIBRARY OF CONGRESS CALL NUMBER | |
| Classification number | QA76.73 |
| Item number | .C15L36 1996 |
| 100 1# - MAIN ENTRY--PERSONAL NAME | |
| Personal name | Langsam, Yedidyah. |
| -- | 0000154435 |
| 245 10 - TITLE STATEMENT | |
| Title | Data structures using C and C++. / |
| Statement of responsibility, etc. | Yedidyah Langsam, Moshe j. Augenstein, Waron M. Tenenbaum. |
| 250 ## - EDITION STATEMENT | |
| Edition statement | 2nd ed. |
| 260 ## - PUBLICATION, DISTRIBUTION, ETC. (IMPRINT) | |
| Place of publication, distribution, etc. | New Delhi : |
| Name of publisher, distributor, etc. | Prentice-Hill of India, |
| Date of publication, distribution, etc. | c1996. |
| 300 ## - PHYSICAL DESCRIPTION | |
| Extent | xvi, 672 p. ; |
| Dimensions | 24 cm. |
| 650 #0 - SUBJECT ADDED ENTRY--TOPICAL TERM | |
| Topical term or geographic name as entry element | C (Computer program language) |
| -- | 0000154432 |
| 650 #0 - SUBJECT ADDED ENTRY--TOPICAL TERM | |
| Topical term or geographic name as entry element | C++ (Computer Programe Language) |
| -- | 0000154436 |
| 700 1# - ADDED ENTRY--PERSONAL NAME | |
| Personal name | Augenstein, Moshe J. |
| -- | 0000154437 |
| 700 1# - ADDED ENTRY--PERSONAL NAME | |
| Personal name | Tenenbaum, Aaron M. |
| -- | 0000154438 |
| 908 ## - PUT COMMAND PARAMETER (RLIN) | |
| Put command parameter | 070518 |
| 950 ## - LOCAL HOLDINGS (RLIN) | |
| -- | 1 |
| Withdrawn status | Lost status | Source of classification or shelving scheme | Not for loan | Home library | Current library | Date acquired | Total Checkouts | Full call number | Barcode | Date last seen | Date last checked out | Price effective from | Koha item type | Total Renewals |
|---|---|---|---|---|---|---|---|---|---|---|---|---|---|---|
| Library of Congress Classification | Kabarak, Main Campus | Kabarak, Main Campus | 17/12/2015 | 1 | QA76.73 .C15L36 1996 c. 3 | 004162 | 05/03/2020 | 27/02/2020 | 17/12/2015 | General Collection | ||||
| Library of Congress Classification | Kabarak, Main Campus | Kabarak, Main Campus | 17/12/2015 | 2 | QA76.73 .C15L36 1996 c. 5 | 004160 | 13/04/2017 | 12/04/2017 | 17/12/2015 | General Collection | ||||
| Library of Congress Classification | Kabarak, Main Campus | Kabarak, Main Campus | 17/12/2015 | 4 | QA76.73 .C15L36 1996 c. 1 | 002746 | 13/03/2026 | 17/02/2026 | 17/12/2015 | General Collection | ||||
| Library of Congress Classification | Kabarak, Main Campus | Kabarak, Main Campus | 17/12/2015 | QA76.73 .C15L36 1996 c. 2 | 17/12/2015 | 17/12/2015 | General Collection | |||||||
| Library of Congress Classification | Kabarak, Main Campus | Kabarak, Main Campus | 17/12/2015 | 12 | QA76.73 .C15L36 1996 c. 4 | 004161 | 07/07/2025 | 23/06/2025 | 17/12/2015 | General Collection | 2 | |||
| Library of Congress Classification | Kabarak, Nakuru City Campus | Kabarak, Nakuru City Campus | 21/10/2015 | 3 | QA76.73 .C15L36 1996 c. 1 | 005576 | 31/10/2017 | 14/10/2017 | 21/10/2015 | General Collection |